| 000 | 00374nam a2200145Ia 4500 | ||
|---|---|---|---|
| 005 | 20241113004137.0 | ||
| 008 | 240331s9999 xx 000 0 und d | ||
| 082 |
_bMEN _a823 |
||
| 100 | _aMendis, R | ||
| 245 | 4 |
_aThe tragedy of a mystery : _bA Ceylon story |
|
| 260 |
_aLondon _bArthur H. Stock well, Ltd _c1986 |
||
| 300 | _a144 p ., | ||
| 650 | _aShort Stories | ||
| 942 | _cL | ||
| 999 |
_c3349 _d3349 |
||